Descubrir cómo es: actividades experimentales para aprender los valores: tomo I y 2 (Registro nro. 12403)
[ vista simple ]
| 000 -CABECERA | |
|---|---|
| campo de control de longitud fija | 00690nam a22002657a 4500 |
| 005 - FECHA Y HORA DE ACTUALIZACIÓN | |
| campo de control | 20191010164753.0 |
| 008 - LONGITUD FIJA | |
| campo de control de longitud fija | 191010b xxu||||| |||| 00| 0 spa d |
| 041 ## - IDIOMA | |
| Código de idioma del texto/pista de sonido o título separado | |
| 082 ## - CLASIFICACIÓN DECIMAL DEWEY | |
| Número de clasificación | 542.1 D448p |
| 245 ## - TÍTULO PROPIAMENTE DICHO | |
| Título | Descubrir cómo es: actividades experimentales para aprender los valores: tomo I y 2 |
| 260 ## - PIE DE IMPRENTA | |
| Lugar de publicación, distribución, etc. | España |
| 260 ## - PIE DE IMPRENTA | |
| Nombre del editor, distribuidor, etc. | Oceano |
| 300 ## - DESCRIPCIÓN FÍSICA | |
| Extensión | 112 |
| 505 ## - Nota de Contenido | |
| Nota de contenido | Contiene disco compacto N° 342 |
| 650 ## - Materia General | |
| Materia general | VALORES |
| 650 ## - Materia General | |
| Materia general | PLANETA VERDE |
| 650 ## - Materia General | |
| Materia general | AGUA |
| 650 ## - Materia General | |
| Materia general | AIRE |
| 650 ## - Materia General | |
| Materia general | LUZ |
| 650 ## - Materia General | |
| Materia general | SONIDO |
| 650 ## - Materia General | |
| Materia general | MOVOMIENTO |
| 650 ## - Materia General | |
| Materia general | TIERRA |
| 650 ## - Materia General | |
| Materia general | ESPACIO |
| 942 ## - Punto de Acceso Adicional Koha | |
| Tipo de ítem Koha | Libro |
| Estado perdido | Estado dañado | No para préstamo | Biblioteca permanente | Biblioteca actual | Signatura completa | Código de barras | Precio efectivo a partir del | Tipo de ítem |
|---|---|---|---|---|---|---|---|---|
| Departamento de Biblioteca y Documentación Alfonso Chase Brenes | Departamento de Biblioteca y Documentación Alfonso Chase Brenes | 542.1 D448p | 1917 | 10/10/2019 | Libro | |||
| Departamento de Biblioteca y Documentación Alfonso Chase Brenes | Departamento de Biblioteca y Documentación Alfonso Chase Brenes | 542.1 D448p | 1918 | 10/10/2019 | Libro |